Psychology for teaching
This ninth edition text incorporates additional material on the following topics: reflective teaching; holistic teaching; gender stereotyping; Thorndike; long term memory; giftedness; ADHD; performance-based assessment; and technology
Na minha lista:
| Autor principal: | |
|---|---|
| Outros Autores: | |
| Idioma: | Undetermined English |
| Publicado em: |
Belmont, CA
Wadsworth Pub. Co.
1997
|
| Assuntos: | |
| Tags: |
Adicionar Tag
Sem tags, seja o primeiro a adicionar uma tag!
|
| Thư viện lưu trữ: | Trung tâm Học liệu Trường Đại học Trà Vinh |
|---|
| LEADER | 00895nam a2200253Ia 4500 | ||
|---|---|---|---|
| 001 | TVU_15549 | ||
| 008 | 210423s9999 xx 000 0 und d | ||
| 020 | |a 053450678X | ||
| 020 | |a 9780534506780 | ||
| 041 | |a eng | ||
| 082 | |a 370.15 | ||
| 082 | |b G523 | ||
| 100 | |a Lefranc'ois, Guy R. | ||
| 245 | 0 | |a Psychology for teaching | |
| 245 | 0 | |c Guy R. Lefranc'ois | |
| 260 | |a Belmont, CA | ||
| 260 | |b Wadsworth Pub. Co. | ||
| 260 | |c 1997 | ||
| 300 | |a 576 p. | ||
| 300 | |c 23 cm | ||
| 520 | |a This ninth edition text incorporates additional material on the following topics: reflective teaching; holistic teaching; gender stereotyping; Thorndike; long term memory; giftedness; ADHD; performance-based assessment; and technology | ||
| 650 | |a Educational psychology; Teaching; Learning; Psychology of | ||
| 700 | |a Guy R. Lefranc'ois | ||
| 980 | |a Trung tâm Học liệu Trường Đại học Trà Vinh | ||


